Pays d'Océanie du plus petit au plus grand - Statistiques

Statistiques générales
  • Ce quiz a été pris 65 fois
  • Le résultat moyen est 12 sur 14
Réponses sur la Carte
Les réponses sont colorées sur une échelle allant du rouge au vert en fonction du pourcentage des utilisateurs qui les ont devinées à leur premier essai. Vous pouvez retrouver ces pourcentages ci-dessous.
 
Statistiques - réponses
Rang Superficie (en km²) Pays % Correct
1ᵉʳ 7 741 220 Australie
96%
3ᵉ 268 838 Nouvelle-Zélande
94%
2ᵉ 462 840 Papouasie-Nouvelle-Guinée
94%
14ᵉ 21 Nauru
92%
13ᵉ 26 Tuvalu
88%
5ᵉ 18 274 Fidji
84%
9ᵉ 747 Tonga
84%
8ᵉ 811 Kiribati
82%
10ᵉ 702 Micronésie
82%
7ᵉ 2 831 Samoa
82%
12ᵉ 181 Îles Marshall
80%
4ᵉ 28 896 Îles Salomon
78%
11ᵉ 459 Palaos
78%
6ᵉ 12 189 Vanuatu
74%
Aucun quiz correspondant
Distribution des résultats
% des personnes avec chaque résultat
Percentile par nombre de réponses
Votre historique - résultats
Vous n’avez pas pris ce quiz